00359nam a22001457a 4500003000500000020000800005038001100013082001800024100001800042245003600060260003200096300001300128880003100141880004100172NUST qH/B awaseem a891.4394bMAJ aMajeed, Shima aAdb aur Syashat /cShima Majeed aLahore :bClassical,c1997. a184 p. ; 6100-01\raشیمامجید 6245-02\raادب اور سیاست /